Better sound insulation for homes and schools (Record no. 65871)

MARC details
000 -LEADER
fixed length control field 01214cam a2200229 4500
001 - CONTROL NUMBER
control field WB3704-04
008 - FIXED-LENGTH DATA ELEMENTS--GENERAL INFORMATION
fixed length control field 000000n2001 000 0 eng u
035 ## - SYSTEM CONTROL NUMBER
System control number (Sirsi) u110491
245 ## - TITLE STATEMENT
Title Better sound insulation for homes and schools
260 ## - PUBLICATION, DISTRIBUTION, ETC.
Date of publication, distribution, etc. 2001
490 ## - SERIES STATEMENT
Series statement DETR News Release
Volume/sequential designation (013) 19 January 2001,
490 ## - SERIES STATEMENT
Series statement Building
Volume/sequential designation 19 January 2001, 26-27(4)
520 ## - SUMMARY, ETC.
Summary, etc. Government has published proposals to improve the quality of urban living and the teaching environment by upgrading standards of sound insulation. The proposals will cover new houses and self-contained flats and extend to hotel rooms, hostels, student accommodation, nurses' homes and elderly persons' homes as well improving acoustics in classrooms. The changes means that builders will be able to meet consumer demand for high-quality, single-person units in urban areas. "Building" considers the implications for housebuilders. The consultation papers can be found at http://www.construction.detr.gov.uk/coindex.htm
590 ## - LOCAL NOTE (RLIN)
Local note WB
650 ## - SUBJECT ADDED ENTRY--TOPICAL TERM
Topical term or geographic name entry element SOUND INSULATION
650 ## - SUBJECT ADDED ENTRY--TOPICAL TERM
Topical term or geographic name entry element GUIDANCE
650 ## - SUBJECT ADDED ENTRY--TOPICAL TERM
Topical term or geographic name entry element BUILDING REGULATIONS PART E
650 ## - SUBJECT ADDED ENTRY--TOPICAL TERM
Topical term or geographic name entry element NEW HOMES
650 ## - SUBJECT ADDED ENTRY--TOPICAL TERM
Topical term or geographic name entry element SCHOOLS
690 ## - LOCAL SUBJECT ADDED ENTRY--TOPICAL TERM (OCLC, RLIN)
Topical term or geographic name as entry element BUILT ENVIRONMENT
942 ## - ADDED ENTRY ELEMENTS (KOHA)
Suppress in OPAC 0
Holdings
Withdrawn status Lost status Source of classification or shelving scheme Damaged status Not for loan Home library Current library Shelving location Date acquired Total Checkouts Full call number Barcode Date last seen Copy number Price effective from Koha item type
    Dewey Decimal Classification     London London News article 24/01/2001   WB3704-04 110491-1001 06/08/2019 1 06/08/2019 News article